| 000 | 01280cam a22003014a 4500 | ||
|---|---|---|---|
| 001 | 13007155 | ||
| 005 | 20131001131333.0 | ||
| 008 | 021120s2003 enka b 101 0 eng | ||
| 010 | _a 2002041383 | ||
| 020 | _a1843761033 | ||
| 020 | _a9781843761037 | ||
| 082 | 0 | 0 |
_a337 _221 _bGLO |
| 245 | 0 | 0 |
_aGlobalisation, regionalism, and economic activity / _cedited by Philip Arestis, Michelle Baddeley, John McCombie. |
| 246 | 3 | _aGlobalization, regionalism, and economic activity | |
| 260 |
_aCheltenham, UK ; _aNorthampton, MA : _bEdward Elgar Publishing, _cc2003. |
||
| 300 |
_axi, 285 p. : _bill. ; _c24 cm. |
||
| 500 | _a"The chapters in this book were presented as papers at the conference on 'Globalisation, Regionalism and Economic Activity' which was held in Downing College, Cambridge, in April 2002"--P. 1. | ||
| 504 | _aIncludes bibliographical references and index. | ||
| 610 | 2 | 0 |
_aWorld Trade Organization _vCongresses. _933865 |
| 650 | 0 |
_aForeign exchange _vCongresses. _933817 |
|
| 650 | 0 |
_aRegionalism _vCongresses. _933866 |
|
| 650 | 0 |
_aGlobalization _vCongresses. _933867 |
|
| 653 |
_bEco _cSeptember2013 |
||
| 700 | 1 |
_aArestis, Philip, _d1941- _933868 |
|
| 700 | 1 |
_aBaddeley, Michelle, _d1965- _933869 |
|
| 700 | 1 |
_aMcCombie, J. S. L. _933870 |
|
| 942 |
_2ddc _cBB |
||
| 999 |
_c17586 _d17558 |
||